000
00258nam a2200109Ia 4500
008
220525s9999 xx 000 0 und d
020
_a
1868640671"
082
_a
658.3 GER
100
_a
P GERBER
_9
132097
245
0
_a
HUMAN RESOURCE MANAGEMENT
942
_c
BK
_w
561
_x
John Tresidder
_y
561
_z
John Tresidder
999
_c
632978
_d
632977